=LDR 00000nam 2200000 4500 =001 INLIS000000000006236 =005 20251106082612 =035 ##$$a 0010-1125000110 =007 ta =008 251106###########################0#ind## =082 ##$$a 363.96 =084 ##$$a 363.96 YAY i =245 1#$$a Implikasi Pengenalan Cyclofem Terhadap Sistem Pelayanan Keluarga Berencana di Indonesia : $b - /$c Yayasan Kusuma Buana =260 ##$:$b Yayasan Kusuma Buana =300 ##$$a 8 hal : $b - ; $c 21 cm =650 #4$$a Keluarga Berencana =110 #$$a Yayasan Kusuma Buana =856 ##$$a Perpustakaan Kemendukbangga